Education and the creation of capital in the early American republic.

Guardat en:
Dades bibliogràfiques
Autor principal: BEADLE, Nancy
Format: Llibre
Idioma:anglès
Publicat: Cambridge University Press 201`3
Etiquetes: Afegir etiqueta
Sense etiquetes, Sigues el primer a etiquetar aquest registre!

MARC

LEADER 00000nam a22000007a 4500
008 210719b ||||| |||| 00| 0 eng d
020 |a 978110761700 
100 |a BEADLE, Nancy 
245 |a Education and the creation of capital in the early American republic.  |c Nancy Beadle  |g xiv, 353p. 
260 |b Cambridge University Press  |c 201`3  |h New York  |i 696241  |i 696242  |l LC 89. B35  |m Education and State - United States ...History ... 19th Century  |m Education ... Economic aspects .... United States ...History ... 19th Century  |m Education ... Political aspects .... United States ...History ... 19th Century  |m Capitalism ... United States ...History ... 19th Century  |m Education and State ... Genesee River Valley (Pa. N.Y) ....History ... 19th Century ... Case studies  |m Education ... Economic aspects ... Genesee River Valley (Pa and N.Y.)History ... 19th Century ... Case studies  |m Education ... Political aspects ..Genesee River Valley (Pa and N.Y.)History ... 19th Century ... Case studies 
500 |a It includes index 
942 |a lcc  |c BK  |e ADEYEYE Y. S.  |f 19- 07-2021 
952 |0 0  |1 0  |2 lcc  |4 0  |7 0  |9 2802  |a HOL  |b HOL  |c LP  |d 2021-07-19  |o LC 89 .b35  |p 2021-66465  |r 2021-07-19 00:00:00  |w 2021-07-19  |y BK 
952 |0 0  |1 0  |2 lcc  |4 0  |6 LC0089 B35  |7 0  |9 2803  |a HOL  |b HOL  |c LP  |d 2021-07-19  |l 0  |o LC 89 .b35  |p 2021-66466  |r 2021-07-19 00:00:00  |w 2021-07-19  |y BK 
999 |c 1456  |d 1456